Landlocked Muslim Countries - Sudden Death - Statistics

General Stats
  • This quiz has been taken 68 times
  • The average score is 7 of 12
Answers on the Grid
Answers color-coded by a green-red scale on the quiz's grid according to % correct below.
Afghanistan
Azerbaijan
Burkina Faso
Chad
Kazakhstan
Kosovo
Kyrgyzstan
Mali
Niger
Tajikistan
Turkmenistan
Uzbekistan
Mauritania
Somalia
Guinea-Bissau
South Sudan
Bosnia and Herzegovina
Iraq
Gambia
Central African Republic
Botswana
Nigeria
Ethiopia
Indonesia
 
Answer Stats
Answer % Correct
Landlocked, 88.7% Muslim Uzbekistan
70%
Landlocked, 80-90% Muslim Kyrgyzstan
68%
Landlocked, 70.2% Muslim Kazakhstan
65%
Landlocked, 99.7% Muslim Afghanistan
63%
Landlocked, 97.9% Muslim Tajikistan
63%
Landlocked, 93.7% Muslim Turkmenistan
63%
Landlocked, 97.3% Muslim Azerbaijan
60%
Landlocked, 58% Muslim Chad
60%
Landlocked, 96.2% Muslim Mali
58%
Landlocked, 98.3% Muslim Niger
55%
Landlocked, 63.8% Muslim Burkina Faso
53%
Landlocked, 93.5% Muslim Kosovo
53%
No matching quizzes found
Score Distribution
Percent of People with Each Score
Percentile by Number Answered
Your Score History
You have not taken this quiz